000
00247nam a2200097Ia 4500
008
240625s9999 xx 000 0 und d
041
_a
eng
082
_a
808.20 CHA
100
_a
CHAKRABORTY SONALI
245
_a
PERFORMANCE APPRAISAL SYSTEM IN BHEL BHO
999
_c
35612
_d
35612